000
00273nam a22001217a 4500
008
170821b xxu||||| |||| 00| 0 eng d
041
_a
eng
080
_a
51
100
_a
37
101
_a
MAT
245
_a
CALCULUS AND LINEAR ALDEBRA
_c
THOMAS.E.S
942
_2
udc
_c
BK
999
_c
24187
_d
24187